Datasexuáli - tí, čo milujú dáta o sebe

Sledovanie dát a športovanie s podporou technológií - selftracking. Meranie telesných hodnôt a každodenných činností. Sebapoznanie prostredníctvom čísel. Vzrušenie z dát. Riziko bezpečnosti. Možná závislosť od aplikácií. Bublina či potenciál.

Gespeichert in:
Bibliographische Detailangaben
1. Verfasser: Tvardzík, Jozef
Format: Buchkapitel
Sprache:Slowakisch
Schlagworte:
Tags: Tag hinzufügen
Keine Tags, Fügen Sie das erste Tag hinzu!

MARC

LEADER 00000naa a2200000 4500
001 0229681
005 20170428101959.1
041 0 |a slo 
044 |a SK 
245 1 0 |a Datasexuáli - tí, čo milujú dáta o sebe  |c Jozef Tvardzík 
520 |a Sledovanie dát a športovanie s podporou technológií - selftracking. Meranie telesných hodnôt a každodenných činností. Sebapoznanie prostredníctvom čísel. Vzrušenie z dát. Riziko bezpečnosti. Možná závislosť od aplikácií. Bublina či potenciál. 
610 2 0 |a technológie informačné 
610 2 0 |a technológie komunikačné 
610 2 0 |a osoby fyzické 
610 2 0 |a šport 
610 2 0 |a zdravie 
610 2 0 |a dáta 
100 1 |a Tvardzík, Jozef